Sociálna reklama na slovenskom trhu
Sociálna reklama v kontexte marketingovej stratégie. Špecifiká sociálnej reklamy. Oblasti, na ktoré môže byť sociálna reklama zameraná. Aktuálna situácia v oblasti sociálnej reklamy na Slovensku. Príklady troch reklamných kampaní, ktoré sa realizovali na Slovensku.
Enregistré dans:
| Auteur principal: | |
|---|---|
| Format: | Chapitre de livre |
| Langue: | slovaque |
| Sujets: | |
| Tags: |
Pas de tags, Soyez le premier à ajouter un tag!
|
MARC
| LEADER | 00000nla a2200000 4500 | ||
|---|---|---|---|
| 001 | 0160177 | ||
| 005 | 20240502083355.6 | ||
| 041 | 0 | |a slo | |
| 044 | |a CZ | ||
| 245 | 1 | 0 | |a Sociálna reklama na slovenskom trhu |c Miroslava Loydlová |
| 520 | |a Sociálna reklama v kontexte marketingovej stratégie. Špecifiká sociálnej reklamy. Oblasti, na ktoré môže byť sociálna reklama zameraná. Aktuálna situácia v oblasti sociálnej reklamy na Slovensku. Príklady troch reklamných kampaní, ktoré sa realizovali na Slovensku. | ||
| 610 | 2 | 0 | |a reklama |
| 610 | 2 | 0 | |a propagácia |
| 610 | 2 | 0 | |a marketing sociálny |
| 610 | 2 | 0 | |a spoločnosť |
| 610 | 2 | 0 | |a problémy spoločenské |
| 610 | 2 | 0 | |a organizácie neziskové |
| 610 | 2 | 0 | |a Slovensko |
| 100 | 1 | |a Loydlová, Miroslava | |